Bellezze del Furioso di M. Lodouico Ariosto / (Registro nro. 166562)

Detalles MARC
000 -LEADER
campo de control de longitud fija 01123nam a22002655i 4500
001 - NÚMERO DE CONTROL
campo de control 166562
003 - IDENTIFICADOR DE NÚMERO DE CONTROL
campo de control ES-MaACL
005 - FECHA Y HORA DE LA ÚLTIMA TRANSACCIÓN
campo de control 20251003181315.0
008 - DATOS DE LONGITUD FIJA--INFORMACIÓN GENERAL
campo de control de longitud fija 050915s1574 it a | |||||||| ||ita d
040 ## - FUENTE DE CATALOGACIÓN
Centro catalogador/agencia de origen CAM
Lengua de catalogación spa
Centro/agencia transcriptor CAM
100 1# - ENTRADA PRINCIPAL--NOMBRE DE PERSONA
Nombre de persona Toscanella, Orazio.
9 (RLIN) 133346
245 10 - MENCIÓN DEL TÍTULO
Título Bellezze del Furioso di M. Lodouico Ariosto /
Mención de responsabilidad, etc. scielte da Oratio Toscanella, con gli argomenti et allegorie de i canti... ; et con i Luochi communi dell'autore per ordine di alfabeto ; del medesimo.
260 ## - PUBLICACIÓN, DISTRIBUCIÓN, ETC.
Lugar de publicación, distribución, etc. In Venetia :
Nombre del editor, distribuidor, etc. appresso Pietro de i Franceschi & nepoti,
Fecha de publicación, distribución, etc. 1574.
300 ## - DESCRIPCIÓN FÍSICA
Extensión [12], 327[i.e. 330], [58] p. ;
Dimensiones 4º.
596 ## - NOTA AL PIE DE IMPRENTA
NOTA AL PIE DE IMPRENTA Colofón.
596 ## - NOTA AL PIE DE IMPRENTA
NOTA AL PIE DE IMPRENTA Marca tip. en ports.
597 ## - NOTA DE DESCRIPCIÓN FÍSICA
NOTA DE DESCRIPCIÓN FÍSICA Sign.: *6, A-Z4, Aa-Zz44, AAa4, BBb6.
597 ## - NOTA DE DESCRIPCIÓN FÍSICA
NOTA DE DESCRIPCIÓN FÍSICA Error de pág. en la última p. de la secuencia numerada.
597 ## - NOTA DE DESCRIPCIÓN FÍSICA
NOTA DE DESCRIPCIÓN FÍSICA Port. y texto fileteado.
597 ## - NOTA DE DESCRIPCIÓN FÍSICA
NOTA DE DESCRIPCIÓN FÍSICA Segunda obra con port. propia.
599 ## - NOTA A LAS ILUSTRACIONES
NOTA A LAS ILUSTRACIONES Il. xil. al comienzo de cada canto.
600 17 - PUNTO DE ACCESO ADICIONAL DE MATERIA--NOMBRE DE PERSONA
Nombre de persona Ariosto, Ludovico,
Fechas asociadas al nombre 1474-1533.
Título de la obra Orlando Furioso-
Subdivisión de forma Comentarios
Fuente del encabezamiento o término
9 (RLIN) 125701
852 ## - LOCALIZACIÓN
Ubicación ES-MaACL
Número de control de estantería R-380
Nota libre -- Enc. hol.
Encuadernación Olim: G-265
Existencias
Estatus retirado Estado de pérdida Estado de daño No para préstamo Colección Biblioteca de origen Biblioteca actual Ubicación en estantería Fecha de adquisición Fuente de adquisición Total de préstamos Signatura topográfica completa Código de barras Visto por última vez Precio de reemplazo Tipo de ítem Koha
        Libros del s. XVI Biblioteca del Ateneo de Madrid Biblioteca del Ateneo de Madrid Depósito 17/01/2008     R-380 1174693 23/02/2023 23/02/2023 Libro impreso antiguo